Arte y técnica de la impresión (Record no. 87784)

MARC details
000 -LEADER
campo de control de longitud fija 00727nam a2200181 i 4500
001 - NÚMERO DE CONTROL
campo de control 87784
003 - IDENTIFICADOR DE NÚMERO DE CONTROL
campo de control ES-MaACL
005 - FECHA Y HORA DE LA ÚLTIMA TRANSACCIÓN
campo de control 20230906175735.0
007 - CAMPO FIJO DE DESCRIPCIÓN FÍSICA--INFORMACIÓN GENERAL
campo de control de longitud fija t|
008 - DATOS DE LONGITUD FIJA--INFORMACIÓN GENERAL
campo de control de longitud fija 041223s1967 sp ||||1| spa d
100 1# - ENTRADA PRINCIPAL--NOMBRE DE PERSONA
Nombre de persona Laborderie, Fernand de.
9 (RLIN) 69251
245 10 - MENCIÓN DEL TÍTULO
Título Arte y técnica de la impresión
Resto del título : procedimientos y aplicaciones /
Mención de responsabilidad, etc. Fernand de Laborderie y Jean Boisseau ; versión castellana de la segunda edición francesa aumentada y refundida por Jaime Torrente Ballester.
260 ## - PUBLICACIÓN, DISTRIBUCIÓN, ETC.
Lugar de publicación, distribución, etc. Zaragoza :
Nombre del editor, distribuidor, etc. Acribia,
Fecha de publicación, distribución, etc. [1967] (
Fabricante Heraldo de Aragón)
300 ## - DESCRIPCIÓN FÍSICA
Extensión XV, 308 p., 2 lám. :
Otras características físicas il. ;
Dimensiones 23 cm.
700 1# - ENTRADA AGREGADA--NOMBRE PERSONAL
Nombre de persona Boisseau, Jean.
9 (RLIN) 29865
700 1# - ENTRADA AGREGADA--NOMBRE PERSONAL
Nombre de persona Torrente Ballester, Jaime.
9 (RLIN) 110852
852 ## - LOCALIZACIÓN
Ubicación ES-MaACL
Número de control de estantería C-32283
Sublocalización o colección R.62760
Holdings
Estatus retirado Estado de pérdida Estado de daño No para préstamo Biblioteca de origen Biblioteca actual Ubicación en estantería Fecha de adquisición Fuente de adquisición Total de préstamos Signatura topográfica completa Código de barras Visto por última vez Precio de reemplazo Tipo de ítem Koha
        Biblioteca del Ateneo de Madrid Biblioteca del Ateneo de Madrid Depósito 2 17/01/2008     C-32283 1091704 23/02/2023 23/02/2023 Libro impreso